000 00676nam a2200241Ia 4500
008 160319s9999 xx 000 0 und d
020 _a971-725-022-7
050 _aFIL PE 1404
050 _b.V56 1997
100 _aVinuya, Remedios V.
245 _aCollege reading and writing :
245 _btextbook with workbook /
245 _cRemedios V. Vinuya, Santa C. Buri.
260 _aMakati City:
260 _bGrandwater Pub.
260 _c1997
300 _a395 pages :
300 _billustrations ;
300 _c25 cm.
500 _aIncludes bibliographical references.
650 _aEnglish language -- Composition and exercises.
650 _xRhetoric.
999 _c291762
_d291762